แสดงรายละเอียดบรรณานุกรม
  กลับหน้าหลัก

Brief Record : Get Marc (ISO 2709) : E-mail record : QR code ปิดหน้าต่าง
สารบัญ Review โดย
ใช้งานได้ทุกระบบ
ห้องสมุด วพบ.ขอนแก่น
ใช้งานได้ทุกระบบ เมื่อ21/มกราคม/2558

เล่มที่ 3

  • หน่วยที่ 11 การพยาบาลผู้ที่มีภาวะคลอดยากเนื่องจากส่วนนำของทารกผิดปกติและปัญหาด้านจิตสังคม
  • หน่วยที่ 12 การพยาบาลผู้คลอดที่มีภาวะวิกฤตในระยะคลอด
  • หน่วยที่ 13 การพยาบาลผู้คลอดที่ได้รับการทำสูติศาสตร์หัตถการและการบรรเทาความเจ็บปวดในระยะคลอด 
  • หน่วยที่ 14 การพยาบาลมารดาที่มีภาวะแทรกซ้อนในระยะหลังคลอด
  • หน่วยที่ 15 การพยาบาลทารกแรกเกิดที่บาดเจ็บจากการคลอด ความผิดปกติแต่กำเนิด และเจ็บป่วยหลังเกิด


 


E-books : เกี่ยวกับ Collections
LEADER 00000nama 2200000uu 4500
001    191380
003     ULIBM
008    040531s2550 th m m a000 0 tha d
020    ^a974-645-387-4
041    tha
050    WY157 กพ492 ล.3 2550
100    เยาวลักษณ์ เสรีเสถียร.
245    เอกสารการสอนชุดวิชาการพยาบาลครอบครัวและการผดุงครรภ์ หน่วยที่ 11-15.
246    การพยาบาลสูติศาสตร์
250    พิมพ์ครั้งที่ 5.
260    นนทบุรี มสธ. 2547,2550
300    396 หน้า
650    1.การดูแลภายหลังคลอด 2.การพยาบาลสูติศาสตร์ 3.ภาวะแทรกซ้อนขณะตั้งครรภ์.
999    ^aใช้งานได้ทุกระบบ
รายการนี้ยังไม่มีแท็ก
คุณยังไม่ได้ล็อกอิน คุณสามารถมีกิจกรรมร่วมกับเว็บไซต์ได้ แต่ต้องล็อกอินก่อน ::
  ล็อกอิน
ลำดับที่ ประเภท เลขเรียก สถานที่ สถานะ
1. หนังสือทั่วไป
หนังสือทั่วไป
WY157 กพ492 ล.3 2550  
  
หนังสือทั่วไป On Shelf
  ขอยืม
2. หนังสือทั่วไป
หนังสือทั่วไป
WY157 กพ492 ล.3 2550  
  
หนังสือทั่วไป On Shelf
  ขอยืม
3. หนังสือทั่วไป
หนังสือทั่วไป
WY157 กพ492 ล.3 2550  
  
หนังสือทั่วไป On Shelf
  ขอยืม
4. หนังสือทั่วไป
หนังสือทั่วไป
WY157 กพ492 ล.3 2550  
  
หนังสือทั่วไป On Shelf
  ขอยืม
5. หนังสือทั่วไป
หนังสือทั่วไป
WY157 กพ492 ล.3 2550  
  
หนังสือทั่วไป On Shelf
  ขอยืม
   [แสดง 5/5 รายการ]

BibComment


ยังไม่เคยถูกคอมเมนท์

คอมเมนท์ทรัพยากรรายการนี้
  คอมเมนท์: เอกสารการสอนชุดวิ..
Bib 191380

 
 
 

 Union Library Management : ULibM
Copyright 2026. All Rights Reserved.
скачать бесплатно без регистрации порно красивый секс HD Sex Hindi sex

xxx gou

xxxx

bfxxx

xxxwww

Секса Видео

xxxx

Секса Видео

detube

geilexxx

C99 Shell

worms shell

blod xxx video
Ebony Coed Rihanna Rimes Takes A Dick In Her Young Twat priyaa indian fuck anal and pusssy hardcore indian women xxx desi hardcore fucking part 1 bengalixxxcouple